[Event "ISR-chT"]
[Site "Israel"]
[Date "2003.05.16"]
[Round "11"]
[White "Golod, Vitali"]
[Black "Karpman, Vadim"]
[Result "1-0"]
[WhiteElo "2538"]
[BlackElo "2376"]
[Annotator "Golod,V"]
[PlyCount "53"]
[EventDate "2003.01.??"]
[EventType "team"]
[EventRounds "11"]
[EventCountry "ISR"]
[SourceTitle "CBM 095"]
[Source "ChessBase"]
[SourceDate "2003.07.25"]
[SourceVersion "1"]
[SourceVersionDate "2003.07.25"]
[SourceQuality "1"]

1. c4 c5 2. Nf3 Nf6 3. Nc3 d5 4. cxd5 Nxd5 5. e4 {I studied this system rather
long.} Nb4 6. Bc4 Nd3+ 7. Ke2 Nf4+ ({After:} 7... Nxc1+ $6 8. Rxc1 e6 9. d4 {
White has a obvious advantage.}) 8. Kf1 Ne6 ({Pretty dubiously:} 8... Be6 $6 {
in view of:} 9. Bb5+ $1 Bd7 $140 10. d4 $36 {[%csl Rf4]}) 9. b4 $1 {Earlier I
considered this move as dubious, but after white has won some games I have
changed my opinion.} ({Less popular is:} 9. Ne5 {You can see comments to Hanel,
R-Kottke,U/Vienna,1990/CBM 21(1-0)(Ribli,Z)(15)}) ({Also were checked up in
previous games:} 9. d3 $6 {(4 times)} Nc6 10. Be3 Ned4 $11 {;9.Ne2; 9.g3 and 9.
h4.}) 9... g6 $6 {[%mdl 4] In last years in this variation White has a
excellent statistics.} (9... cxb4 $5 {It's main line.} 10. Ne2 {[%cal Gd2d4]}
Nc7 11. d4 e6 12. h4 $1 {See comments to Loginov,V-Van Wely,L/Moscow,2002/CBM
88(1-0)(Ribli,Z)(37)}) 10. bxc5 Bg7 {Black had no other worthy alternative.}
11. Bxe6 $1 {It is rather difficult to continue a game without this move.} Bxe6
(11... Qd3+ $143 12. Qe2 Qxe2+ 13. Kxe2 Bxe6 14. d4 Bc4+ 15. Ke1 {[%cal Yc1e3]
+/=/+/-}) 12. d4 Nc6 13. Be3 Bg4 $1 {In my opinion it's the best move. Besides
the games which have reached this position were continued as follows:} (13...
Bc4+ $2 14. Kg1 Qa5 15. Rc1 O-O-O 16. Nb1 $1 Qa6 (16... Bxa2 17. d5 $40) 17. d5
f5 18. Rxc4 $1 Qxc4 19. Nbd2 {[%csl Rc4,Rc6]} Qxa2 20. dxc6 bxc6 21. g3 Rd3 22.
Kg2 fxe4 23. Ng5 $16 {Vallejo Pons,F-Leko,P/Linares,2003(1-0)(43)}) (13... Qa5
14. Qd2 (14. Ne2 Bc4 15. Rc1 $6 (15. Kg1 $5) 15... Qxa2 16. d5 Rd8 {1/2-1/2
Pajkovic,V-Horvath,J/Niksic,1996(16)} 17. Nd2 $5 $14) 14... O-O-O 15. Rc1 $6 (
15. Rd1 $142) 15... f5 16. exf5 gxf5 $13 {Ftacnik,L-Pinter,J/Prague,1985(1/2-1/
2)(75)}) 14. e5 $146 {This move is an unsuccessful attempt to bring in a "new
word" in the theory of this line.} ({Leads to equality:} 14. Qa4 $6 Bxf3 15.
gxf3 Bxd4 16. Rd1 e5 $11 {[%csl Rd4,Ye5][%cal Ye5d4]}) ({It was checked in the
previous game:} 14. Ne2 $1 {[%csl Rg4][%cal Yh2h3]} f5 15. h3 fxe4 16. hxg4
exf3 17. gxf3 Qd7 (17... Qd5 $142 $14) 18. Rb1 O-O-O 19. Qb3 {+/=/+/- Seirawan,
Y-Miles,A/London,1982(1-0)(41)}) 14... Qd7 $1 {[%csl Rd4][%cal Ga8d8]} (14...
O-O $6 15. h3 Bxf3 16. gxf3 {[%csl Yc5,Yd4,Ye5,Yf3][%cal Gh3h4,Gh4h5,Yf3f4]})
15. Qa4 {[%csl Rd4][%cal Ya1d1,Yd1d4] It is necessary to protect the pawn "d4".
} Rd8 16. Rd1 O-O {Black have created threat:17...Bxf3 /\18.gxf3 Nxe5! (צd1).
At once this idea did not pass:} (16... Bxf3 $6 17. gxf3 $140 Nxe5 $4 18. dxe5
Qxa4 {because of an intermediate move:} 19. Rxd8+ Kxd8 20. Nxa4 $18) 17. Ke2 {
[%cal Yh1d1] I have prevented threat of Black and I plan to play on the
following move: "h3".} f6 $4 {Decisive mistake,Black at once receive a
hopeless position.} ({Leads to unclear game:} 17... f5 $44 {[%csl Rd4][%cal
Gf5f4]}) (17... e6 $6 18. h3 Bxf3+ 19. gxf3 $14 {[%cal Gh3h4,Gh4h5,Yf3f4,Yf4e5]
}) {[%tqu "En","?Black's last move was a blunder.How can White exploit it.","",
"","e5e6","",10]} 18. e6 $1 Qc8 ({It is impossible to take away the pawn "e6":
} 18... Qxe6 $2 19. d5 Bxf3+ 20. gxf3 Qe5 {[%csl Rc3]} 21. dxc6 Qxc3 22. Bd4 {
[%csl Rc3]} Rxd4 23. Qxd4 {+/-/+-}) (18... Bxe6 $2 19. d5 {[%csl Rc6,Gd5,Re6]})
19. d5 Ne5 ({Also I win in all variants:} 19... Bxf3+ 20. gxf3 {[%cal Gf3f4]})
(19... f5 $5 20. dxc6 Bxc3 21. Qb3 {[%csl Rb7,Rc3][%cal Yb3e6,Gb3c3]} Be5 22.
cxb7 Qc6 23. Rxd8 $1 Rxd8 $140 24. Rd1 {[%csl Gb7]}) 20. h3 Nxf3 ({Hardly is
better:} 20... Bxf3+ 21. gxf3 {[%csl Re5][%cal Gf3f4]}) 21. Qxg4 $1 (21. hxg4
$143 Ne5) 21... Ne5 $6 {Black,at all,do not try to create a counterplay:} (
21... f5 $5 22. Qb4 $1 (22. Qxf3 $143 Bxc3 23. Bh6 Bg7 $16) 22... f4 (22... Ne5
$2 23. f4 {[%csl Re5]}) (22... Nh4 $2 23. Bg5 $1 Nxg2 24. Kf3 {[%csl Rg2]}) 23.
gxf3 fxe3 24. fxe3 Rf5 25. e4 $18) 22. Qb4 $18 {[%csl Re5][%cal Gf2f4]} b6 23.
f4 Qa6+ $8 (23... bxc5 $143 24. Qa4 {[%csl Re5]}) 24. Qb5 Qa3 25. Qb3 $1 {
The accuracy is necessary up to the end.} (25. fxe5 $2 Qxc3 26. d6 $140 Qc2+
27. Rd2 $140 Qe4 $1 $132 {[%csl Rg2]}) 25... Qa6+ (25... Qxb3 26. axb3 {
[%csl Re5][%cal Yb3c4]}) 26. Nb5 bxc5 27. fxe5 1-0

[Event "RUS-ch 66th"]
[Site "Nizhnij Novgorod"]
[Date "2013.10.05"]
[Round "1"]
[White "Svidler, Peter"]
[Black "Nepomniachtchi, Ian"]
[Result "1-0"]
[WhiteElo "2740"]
[BlackElo "2702"]
[Annotator "Gormally,D"]
[PlyCount "131"]
[EventDate "2013.10.05"]
[EventType "tourn"]
[EventRounds "9"]
[EventCountry "RUS"]
[EventCategory "18"]
[SourceTitle "CBM 157"]
[Source "ChessBase"]
[SourceDate "2013.11.12"]
[SourceVersion "1"]
[SourceVersionDate "2013.11.12"]
[SourceQuality "1"]

1. Nf3 c5 2. c4 Nf6 3. Nc3 d5 4. cxd5 Nxd5 5. e3 Nxc3 6. bxc3 g6 7. h4 Bg7 8.
h5 Nc6 9. Rb1 Qc7 10. d4 Bd7 11. Bd3 Rd8 12. Qc2 ({White missed the chance to
play the daring} 12. Ng5 $1 $36 {which may have already been very strong. This
impudent knight is not so easy to deal with.} Qa5 (12... O-O 13. hxg6 hxg6 14.
Bd2 {with the makings of a dangerous kingside attack}) 13. h6 Bf6 14. Ne4 cxd4
15. Rb5 Qxa2 16. exd4 b6 17. O-O O-O 18. Re1 {with a very nice intiative in
return for a small material investment - the presence of the pawn on h6
ensures that the black king will always be in danger.}) 12... Bg4 13. Ng5 cxd4
14. Qb3 e6 15. exd4 {White has played the opening phase with great aggression,
but such an approach is not without its risks. Black's position retains great
dynamic potential, and over the next few moves, "Nepo" is able to wrest the
initiative.} (15. cxd4 $4 {would of course be most unfortunate after} Qa5+)
15... Rd7 ({Another way of meeting the threat to the b-pawn was with} 15... b6
{which also seemed perfectly sound.} 16. h6 $5 Bf6 17. Ne4 Be7 18. O-O O-O 19.
f3 Na5 20. Qc2 Bf5 21. Qe2 e5 $1 {when Black has excellent counterplay.}) 16.
Ne4 O-O 17. hxg6 ({It was not easy to assess the position after the
continuation} 17. h6 Bh8 18. O-O Bf5 {but Black's game seems if anything
easier to play - he has obvious counterplay pending with the move ...e5, while
by contrast it is not so easy to see how White should develop his initiative.})
17... hxg6 18. Bg5 f6 $1 19. Be3 Na5 20. Qc2 b6 21. f3 ({There is no way that
White can affect easy control over the position anymore; for example} 21. O-O
f5 22. Ng5 f4 23. Bc1 Qd8 {also leads to a situation where Black has excellent
chances.}) 21... Bf5 22. Rc1 Nc4 $1 {Obvious, but strong.} 23. Bf2 Rc8 24. Qe2
e5 25. O-O (25. g4 $5 Be6 26. Nc5 bxc5 27. Bxc4 Bxc4 28. Qxc4+ Rf7 29. dxc5 e4
30. Kf1 {also leads to something of a mess, but one where White seems to have
the better of it.}) 25... Rdd8 26. Bh4 $1 {By taking a stab at an Achilles
heel in the black armour, White forces the rook into a passive position.} Rf8
27. g4 Be6 28. f4 $6 {Perhaps this move could be criticised for being too
cavalier, but Svidler did not get to where he is without taking risks.} (28.
Nc5 {was the bail-out option.} bxc5 29. Bxc4 Qf7 30. Bxe6 Qxe6 31. dxe5 fxe5
32. Rcd1 e4 $1 {and Black is absolutely fine.}) 28... exf4 29. Nc5 Bf7 30. Ne6
Qd6 31. Nxf8 Bxf8 {White has won the exchange, but the resulting position
offers Black clear compensation. The white king is exposed, and the black
knight has access to the e3-square, a potential source of great attacking
influence.} 32. Qh2 Qe6 $2 {Up to this point Nepo had played a great game, but
now he errs, perhaps decisively. In fact you could even argue this was the
pivotal moment of the whole tournament, as Svidler was eventually to beat Nepo
in the play-off, to yet again become Russian champion.} ({I'm sure Kasparov,
who was known for his liking for "Octopus" knights, would not have hesistated
to play} 32... Ne3 $1 {here} 33. Rxf4 (33. Qxf4 Nxf1 {and Black is on top})
33... Bh6 $1 (33... g5 $2 34. Bg3 {and the weakness of the h7 square proves
crucial}) 34. Re4 Qxh2+ 35. Kxh2 Bd5 {and Black regains the exchange} 36. g5
Bxe4 37. Bxe4 fxg5 38. Bg3 Kf7 $1 {and although the game is still quite likely
to end in a draw, White will have to suffer a while, given the obvious
activity of Black's remaining forces.}) 33. Qxf4 {Now, by contrast, White is
well on top.} Bd6 $2 (33... g5 34. Bxg5 (34. Qf5 Qxf5 35. Bxf5 Re8 36. Bf2 Nd2
37. Rfd1 Nf3+ 38. Kg2 Bd5 39. c4 $1 {is also good for White}) 34... fxg5 35.
Qxg5+ Bg7 36. Rce1 Qh6 37. Qxh6 Bxh6 38. Re7 Nd6 39. Rf3 {and White is better
in the ending as his rooks are so powerful, but it's far from over.}) 34. Bxc4
$1 Rxc4 35. Qf3 g5 36. Rce1 {Black has little compensation for the exchange,
as his own king now becomes a target.} Qd7 37. Bg3 Be7 38. Rf2 Bd8 39. Re3 b5
40. Qe4 $2 {White is still winning after this,} ({But with} 40. Rh2 $1 {
he could have made his task considerably easier:} Bd5 (40... Kg7 41. Qh1 $1 {
is the point, where White infiltrates}) 41. Qf1 Qxg4 42. Qd3 {with a decisive
material gain after the forced} f5 43. Re8+ Kg7 44. Rxd8 $18) 40... Kg7 41. Qf5
(41. Rh2 Bg6 $1) 41... Qxf5 42. Rxf5 b4 43. Rc5 Rxc3 44. Rexc3 bxc3 45. Rxc3
Bxa2 46. Ra3 Be6 47. Rxa7+ Kf8 48. Bc7 Be7 49. Bb6 Ke8 50. Bc5 Bd8 51. Kf2 Bxg4
52. d5 Bc8 (52... f5 53. Ra8 Kd7 54. Ke3 Bh5 55. Ra7+ Kc8 56. d6 {is also
winning.}) 53. Rg7 f5 54. Rg8+ Kd7 55. Rg7+ Ke8 56. Rg8+ Kd7 57. Rf8 f4 58. Kf3
Ba6 59. Ke4 Bf1 60. Rf7+ Ke8 61. Rf8+ Kd7 62. Rf7+ Ke8 63. Rh7 $18 Bf6 64. d6
Bb5 65. Kf5 Bc3 66. Re7+ 1-0

[Event "Cappelle op 14th"]
[Site "Cappelle la Grande"]
[Date "1998.??.??"]
[Round "2"]
[White "Gurevich, Mikhail"]
[Black "Barsov, Alexei"]
[Result "1-0"]
[WhiteElo "2635"]
[BlackElo "2465"]
[Annotator "Gurevich,M"]
[PlyCount "76"]
[EventDate "1998.02.21"]
[EventType "swiss"]
[EventRounds "9"]
[EventCountry "FRA"]
[SourceTitle "CBM 064"]
[Source "ChessBase"]
[SourceDate "1998.06.02"]
[SourceVersion "1"]
[SourceVersionDate "1998.06.02"]
[SourceQuality "1"]

1. d4 e6 2. c4 Nf6 3. Nf3 d5 4. Nc3 c5 5. cxd5 Nxd5 6. e4 cxd4 7. Qxd4 Nxc3 8.
Qxc3 Nc6 9. Bb5 Bd7 10. O-O Qb6 11. a4 Qc5 12. Qd3 Qd6 13. Qe2 a6 14. e5 Qc7
15. Bd3 Nb4 16. Be4 Bc6 17. Bd2 Bxe4 18. Qxe4 Qc6 $5 {TN} (18... Nd5 {-68/36})
19. Qh4 $5 (19. Qg4 h5 $1 20. Qg3 Qe4 21. Bxb4 (21. Rac1 Nd5 22. b3 Qg4 $13)
21... Qxb4 22. Rac1 g6 23. Rc7 Be7 24. Rd1 (24. Rfc1 Bd8 $13) 24... Rd8 $132)
19... Nd3 $1 (19... Be7 $2 20. Qg4 Nd3 21. Qxg7 O-O-O 22. Qxf7 $16) 20. Be3 $5
(20. b4 Qd5 21. Qg3 g6 22. Rad1 Bg7 23. Be3 Qe4 24. Ng5 Qf5 $132) 20... Be7 (
20... Nxb2 $2 21. Rfc1 Qd7 (21... Qd5 22. Rc7 $36) 22. Ra2 Nd3 23. Rd1 $16) 21.
Qg4 Kf8 22. Nd4 $5 (22. Rfd1 $1 h5 23. Qg3 (23. Qd4 Rd8 24. Qb6 Qxb6 25. Bxb6
Rd5 $13) 23... Qe4 (23... Nxb2 24. Rd4 Rd8 25. Bg5 $44) 24. Rd2 $1 $36 {
With idea 25.Rad1} (24. h4) 24... Bb4 $2 25. Ng5 $1 Qf5 26. Rxd3 Qxd3 27. Bc5+
$18) 22... Nxe5 23. Qf4 (23. Qe2 Qe4 $15) 23... Qd5 24. Rad1 $44 Ng6 (24... Rd8
25. Rfe1 $1 Bd6 (25... Nc4 $2 26. Nxe6+ Qxe6 27. Rxd8+ Bxd8 28. Bc5+ $18) 26.
Qg5 f6 (26... Rd7 27. Nf5 Nf3+ 28. gxf3 Qxf5 29. Qxf5 exf5 30. Rxd6 Rxd6 31.
Bc5 $18) 27. Qh5 $36) 25. Qc7 Bd8 26. Qc2 Bf6 27. Nb3 Qc6 28. Qxc6 $1 $36 bxc6
29. Na5 Bxb2 30. Nxc6 (30. Rb1 $5 Bc3 31. Nxc6 $36) 30... Ne5 31. Nxe5 Bxe5 32.
Rd7 $14 g6 (32... Rb8 33. Rfd1 g5 34. Ra7 $14) 33. Rb1 $1 (33. Bh6+ Bg7 34. Bf4
Bf6 35. Rb1 Ke8 $1 36. Rbb7 Rd8 $11) 33... Kg7 34. Rbb7 Rhf8 35. Bc5 Rfc8 36.
Rxf7+ $16 Kg8 37. Be3 Rc4 38. Rxh7 Rxa4 {Time} (38... Rxa4 39. g3 $16 {with
ideas 40.Rhe7, 40.Rh6}) 1-0

[Event "FIDE World Cup"]
[Site "Khanty-Mansiysk"]
[Date "2005.11.29"]
[Round "1.3"]
[White "Gurevich, Mikhail"]
[Black "Markus, Robert"]
[Result "1-0"]
[WhiteElo "2652"]
[BlackElo "2579"]
[Annotator "Gurevich,M"]
[PlyCount "109"]
[EventDate "2005.11.27"]
[EventType "k.o."]
[EventRounds "7"]
[EventCountry "RUS"]
[SourceTitle "CBM 111"]
[Source "ChessBase"]
[SourceDate "2006.04.04"]
[SourceVersion "1"]
[SourceVersionDate "2006.04.04"]
[SourceQuality "1"]

1. c4 Nf6 2. g3 c5 3. Bg2 d5 4. cxd5 Nxd5 5. Nc3 Nc7 6. Qb3 Nc6 7. Bxc6+ bxc6
8. Qa4 (8. Nf3 f6 9. Qa4 Qd7 10. d3 e5 11. Be3 Ne6 12. O-O Rb8 13. b3 Nd4 14.
Rfc1 Rb4 15. Qa5 Rb6 16. Bxd4 cxd4 17. Ne4 Ra6 18. Qd2 Qd5 19. b4 Rb6 20. a3
Be7 21. Rc4 Bh3 22. Nc5 O-O $15 {1/2-1/2 Filippov,V-Timofeev,A/Tomsk 2004/
PowerBook2005 (58)}) 8... Bd7 (8... Ne6 9. Nf3 Nd4 10. d3 g6 11. Be3 Bg7 12.
Bxd4 cxd4 13. Ne4 O-O 14. O-O Be6 15. Nc5 Bg4 16. Rac1 Qd5 17. Nb3 Bxf3 18.
exf3 Qxf3 19. Rfe1 $44 {1/2-1/2 Matamoros Franco,C-Barrientos Chavarriaga,S/
Campillos 2005/Mega2006 (28)}) 9. Nf3 f6 10. d3 e5 11. O-O Be7 12. Ne4 Ne6 13.
Be3 Nd4 14. Bxd4 cxd4 15. Rfc1 Qb6 16. Qc4 (16. Nfd2 Qb4 17. Qxb4 Bxb4 18. Nb3
Rb8 19. Rc2 Rb5 20. Nec5 Bxc5 21. Nxc5 Ke7 $11 {1-0 Neuman,P-Krejci,J/Litomysl
2005/Mega2006 (57)}) 16... Qb5 (16... Qb4 $5 17. Nc5 (17. Nfd2 f5 18. Qxb4 Bxb4
19. a3 $13) 17... Qxc4 18. Rxc4 Bxc5 19. Rxc5 Ke7 20. Nd2 Rhb8 21. b3 Rb5 22.
Rac1 Rab8 $11 {1/2-1/2 Mamedyarov,S-Wojtaszek,R/Instanbul TUR 2005/The Week in
Chess 576 (52)}) 17. Nfd2 $5 {[/\Nd2-b3;Nd2-c4-a5|^<<]} Qxc4 18. Nxc4 O-O 19.
Na5 $5 Rfc8 (19... Rab8 $142 20. Rab1 Rfc8 21. Nc5 Be8 22. b4 $36) 20. Nc5 Be8
21. b4 $1 {[/\22.a3,23.Nca3;xc6]} Rab8 22. a3 Bd8 23. Ncb3 c5 (23... Bb6 $5 {
(/\24...c5)} 24. Rc2 c5 25. Rac1 Ba4 $1 26. Rc4 Bb5 $11) 24. Rxc5 Rxc5 25. Nxc5
Bxa5 26. bxa5 Bh5 $6 (26... Rb5 27. Rc1 Rxa5 28. Nb7 Ra6 $1 $13 (28... Rxa3 29.
Rc8 Kf7 30. Nd6+ $18)) 27. f3 Rb5 28. Rc1 Rxa5 29. g4 (29. a4 Be8 30. Nb7 Ra6
31. Rc8 Kf7 32. a5 $36) 29... Bg6 30. a4 h5 31. h4 hxg4 32. fxg4 Be8 33. Nb7
Rd5 34. Rc8 Kf7 35. Rc7+ Rd7 36. Nd6+ Kf8 37. Rc6 Ke7 38. Nxe8 Kxe8 39. Kf2 $14
{[/\Kf2-f3-e4,a4-a5-a6|^]} Kf7 40. h5 Rb7 41. Kf3 Kg8 42. Rc8+ Kh7 43. Ra8 Rc7
(43... Kh6 44. Rh8+ Kg5 45. Rh7 $36) 44. a5 Rc2 $6 $138 (44... g6 45. a6 gxh5
46. gxh5 Kh6 (46... f5 47. Rf8 $16) 47. Kg4 $16) 45. Rxa7 Ra2 46. Ra8 Kh6 47.
a6 Ra5 48. a7 Kh7 49. g5 $1 $18 fxg5 (49... f5 50. g6+ Kh6 51. Rh8+) 50. Kg4 g6
51. hxg6+ Kg7 52. Kxg5 e4+ 53. Kf4 exd3 54. exd3 Ra6 55. Ke4 (55. Ke4 Ra4 56.
Ke5 $22) 1-0